Encuesta de situación del empleo: mayo 1973
Comportamiento del empleo en Nicaragua a raíz de la coyuntura del terremoto de 1972. Resultados de la encuesta realizada en el mes de mayo de 1973 en las áreas que, directa o indirectamente fueron las más afectadas por el movimiento sísmico. Objetivos de la encuesta son, orientar las decisiones y de...
Sparad:
| Institutionell upphovsman: | |
|---|---|
| Materialtyp: | Text |
| Publicerad: |
Managua:
Oficina Ejecutiva de Encuestas y Censos
|
| Ämnen: | |
| Taggar: |
Lägg till en tagg
Inga taggar, Lägg till första taggen!
|
MARC
| LEADER | 00000 a a2200000 04500 | ||
|---|---|---|---|
| 001 | 19980 | ||
| 003 | |||
| 040 | |||
| 090 | |a 081500 | ||
| 110 | |a Nicaragua. Ministerio de Industria y Comercio. Oficina Ejecutiva de Encuestas y Censos | ||
| 245 | |a Encuesta de situación del empleo: mayo 1973 | ||
| 260 | |a Managua: |b Oficina Ejecutiva de Encuestas y Censos | ||
| 300 | |a 58 p. | ||
| 520 | |a Comportamiento del empleo en Nicaragua a raíz de la coyuntura del terremoto de 1972. Resultados de la encuesta realizada en el mes de mayo de 1973 en las áreas que, directa o indirectamente fueron las más afectadas por el movimiento sísmico. Objetivos de la encuesta son, orientar las decisiones y determinar con precisión las áreas más críticas de atención inmediata en la formulación de políticas de empleo, que aseguren una solución al problema del desempleo./ACM | ||
| 650 | |a EMPLEO | ||
| 650 | |a DESEMPLEO | ||
| 650 | |a ENCUESTAS | ||
| 999 | |c 16888 |d 16888 | ||
